[Event "ARG-ch Amateur U1700"]
[Site "Suipacha"]
[Date "2019.11.16"]
[Round "3.5"]
[White "Lamas, Alvaro"]
[Black "Machicado, Francisco"]
[Result "0-1"]
[WhiteElo "1519"]
[BlackElo "1641"]
[PlyCount "89"]
[EventDate "2019.11.15"]
[EventType "swiss"]
[EventRounds "8"]
[EventCountry "ARG"]
[SourceTitle "EXT 2024"]
[Source "ChessBase"]
[SourceDate "2023.10.10"]
[SourceVersion "1"]
[SourceVersionDate "2023.10.10"]
[SourceQuality "1"]

1. d4 Nf6 2. c4 e6 3. g3 d5 4. Bg2 c6 5. Nf3 Nbd7 6. 0-0 Be7 7. Nc3 0-0 8. h3 Re8 9. Bg5 a6 10. c5 h6 11. Bf4 Bf8 12. b4 Nh5 13. a4 Nxf4 14. gxf4 Qc7 15. e3 b6 16. a5 b5 17. Ne5 f6 18. Qh5 Nxe5 19. Qxe8 Nf7 20. e4 Rb8 21. exd5 Bd7 22. d6 Qb7 23. Qxb8 Qxb8 24. Rac1 e5 25. d5 Qc8 26. dxc6 Bxc6 27. Nd5 exf4 28. Nb6 Qb7 29. Bxc6 Qxc6 30. Rfd1 Ne5 31. d7 Be7 32. d8Q+ Bxd8 33. Rxd8+ Kh7 34. Rd5 Qe6 35. Rxe5 Qxe5 36. c6 f3 37. Kf1 Qg5 38. Rc2 Qg2+ 39. Ke1 Qg1+ 40. Kd2 Qxf2+ 41. Kc3 Qe3+ 42. Kb2 Qd4+ 43. Kb3 f2 44. Rxf2 Qxf2 45. Nd5 0-1